| 000 | 00577nam a22002057a 4500 | ||
|---|---|---|---|
| 003 | BUBTL | ||
| 008 | 221129b ||||| |||| 00| 0 eng d | ||
| 020 | _a853260452 | ||
| 082 | _a823.05/ D3622r/ 1995 | ||
| 100 |
_94999 _aDefoe, Daniel |
||
| 245 |
_aRobinson Crusoe : _bDaniel Defoe |
||
| 250 | _a1st Edn. | ||
| 260 |
_aGreat Britain _bWordsworth Classics _cc1995 |
||
| 300 |
_a[xxix],242 p. : _b19 cm |
||
| 650 | 0 |
_91994 _aEnglish Literature |
|
| 700 |
_94999 _aDefoe, Daniel |
||
| 856 |
_k0 _l0 _yDownload |
||
| 942 |
_2ddc _cBK |
||
| 999 |
_c6841 _d6841 |
||